Memoria acerca del estado del Instituto del Noviciado de Madrid durante el curso de 1869 a 1870 : (Record no. 160295)

MARC details
000 -LEADER
campo de control de longitud fija 01008nam a2200217 i 4500
001 - NÚMERO DE CONTROL
campo de control 160295
003 - IDENTIFICADOR DE NÚMERO DE CONTROL
campo de control ES-MaACL
005 - FECHA Y HORA DE LA ÚLTIMA TRANSACCIÓN
campo de control 20230906212006.0
008 - DATOS DE LONGITUD FIJA--INFORMACIÓN GENERAL
campo de control de longitud fija 970902s1871 sp |||| | spa d
080 ## - NÚMERO DE LA CLASIFICACIÓN DECIMAL UNIVERSAL
Número de la Clasificación Decimal Universal 373.5(460.271)(060.55)
110 2# - ENTRADA PRINCIPAL--NOMBRE DE ENTIDAD CORPORATIVA
Nombre de entidad corporativa o nombre de jurisdicción como elemento de entrada Instituto del Noviciado (Madrid)
9 (RLIN) 176003
245 10 - MENCIÓN DEL TÍTULO
Título Memoria acerca del estado del Instituto del Noviciado de Madrid durante el curso de 1869 a 1870 :
Resto del título leída en el acto solemne de la apertura del curso de 1870 a 1871 /
Mención de responsabilidad, etc. por Ambrosio Moya de la Torre.
260 ## - PUBLICACIÓN, DISTRIBUCIÓN, ETC.
Lugar de publicación, distribución, etc. Madrid :
Nombre del editor, distribuidor, etc. [s.n.],
Fecha de publicación, distribución, etc. 1871 (
Fabricante Imp. de Segundo Martínez, impresor del Instituto del Noviciado)
300 ## - DESCRIPCIÓN FÍSICA
Extensión 35 p. ;
Dimensiones 23 cm.
594 ## - Nota al título y mención de responsabilidad
Nota al título y mención de responsabilidad Apéndice en: T-113-F-2
597 ## - NOTA DE DESCRIPCIÓN FÍSICA
NOTA DE DESCRIPCIÓN FÍSICA Sólo hasta la p. 16
610 24 - PUNTO DE ACCESO ADICIONAL DE MATERIA--NOMBRE DE ENTIDAD CORPORATIVA
Nombre de entidad corporativa o nombre de jurisdicción como elemento de entrada Instituto del Noviciado (Madrid)-
Subdivisión de forma Memorias.
9 (RLIN) 159408
700 1# - ENTRADA AGREGADA--NOMBRE PERSONAL
Nombre de persona Moya de la Torre, Ambrosio.
9 (RLIN) 130261
852 4# - LOCALIZACIÓN
Ubicación ES-MaACL
Número de control de estantería T-114-F-6
Nota libre - Enc. hol., falto de cub. original
-- - Enc. en un vol. facticio
852 4# - LOCALIZACIÓN
Ubicación ES-MaACL
Número de control de estantería T-113-F-2
Nota libre - Apéndice (p. 17-35)
Holdings
Estatus retirado Estado de pérdida Estado de daño No para préstamo Colección Biblioteca de origen Biblioteca actual Ubicación en estantería Fecha de adquisición Fuente de adquisición Total de préstamos Signatura topográfica completa Código de barras Visto por última vez Precio de reemplazo Tipo de ítem Koha
        Colección de folletos Biblioteca del Ateneo de Madrid Biblioteca del Ateneo de Madrid Depósito folletos 30/04/2019     T-113-F-2 1200444 23/02/2023 23/02/2023 Folleto
        Colección de folletos Biblioteca del Ateneo de Madrid Biblioteca del Ateneo de Madrid Depósito folletos 17/01/2008     T-114-F-6 1167840 23/02/2023 23/02/2023 Folleto